<?xml version="1.0" encoding="UTF-8"?>
<collection xmlns="http://www.loc.gov/MARC21/slim">
 <record>
  <leader>01321nam a2200229Ia 4500</leader>
  <controlfield tag="001">TDMU_6972</controlfield>
  <controlfield tag="008">210410s9999    xx            000 0 und d</controlfield>
  <datafield tag="082" ind1=" " ind2=" ">
   <subfield code="a">576.5</subfield>
  </datafield>
  <datafield tag="090" ind1=" " ind2=" ">
   <subfield code="b">PH105</subfield>
  </datafield>
  <datafield tag="100" ind1=" " ind2=" ">
   <subfield code="a">Phan, CưÌ£ Nhân</subfield>
  </datafield>
  <datafield tag="245" ind1=" " ind2="0">
   <subfield code="a">Di truyêÌ€n hoÌ£c</subfield>
  </datafield>
  <datafield tag="245" ind1=" " ind2="0">
   <subfield code="c">Phan CưÌ£ Nhân (chuÌ‰ biên), NguyêÌƒn Minh Công, ĐăÌ£ng HưÌƒu Lanh</subfield>
  </datafield>
  <datafield tag="245" ind1=" " ind2="0">
   <subfield code="n">TâÌ£p II</subfield>
  </datafield>
  <datafield tag="260" ind1=" " ind2=" ">
   <subfield code="a">H.</subfield>
  </datafield>
  <datafield tag="260" ind1=" " ind2=" ">
   <subfield code="b">ĐaÌ£i hoÌ£c Sư phaÌ£m</subfield>
  </datafield>
  <datafield tag="260" ind1=" " ind2=" ">
   <subfield code="c">2006</subfield>
  </datafield>
  <datafield tag="300" ind1=" " ind2=" ">
   <subfield code="a">307tr.</subfield>
  </datafield>
  <datafield tag="520" ind1=" " ind2=" ">
   <subfield code="a">TriÌ€nh baÌ€y hêÌ£ thôÌng kiêÌn thưÌc vêÌ€ di truyêÌ€n hoÌ£c: cơ sơÌ‰ di truyêÌ€n, caÌc quy luâÌ£t vêÌ€ hiêÌ£n tươÌ£ng di truyêÌ€n, nhiêÌƒm săÌc thêÌ‰, quâÌ€n thêÌ‰ vaÌ€ di truyêÌ€n hoÌ£c ngươÌ€i đôÌ€ng thơÌ€i giơÌi thiêÌ£u nhưÌƒng ưÌng duÌ£ng tiên tiêÌn trong liÌƒnh vưÌ£c di truyêÌ€n hoÌ£c hiêÌ£n nay</subfield>
  </datafield>
  <datafield tag="650" ind1=" " ind2=" ">
   <subfield code="a">Vi sinh vâÌ£t; Sinh hoÌ£c; Di truyêÌ€n; Di truyêÌ€n hoÌ£c</subfield>
  </datafield>
  <datafield tag="700" ind1=" " ind2=" ">
   <subfield code="a">NguyêÌƒn, Minh Công</subfield>
  </datafield>
  <datafield tag="856" ind1=" " ind2=" ">
   <subfield code="u">http://lrc.tdmu.edu.vn/opac/search/detail.asp?aID=2&amp;ID=6972</subfield>
  </datafield>
  <datafield tag="980" ind1=" " ind2=" ">
   <subfield code="a">Trung tâm Học liệu Trường Đại học Thủ Dầu Một</subfield>
  </datafield>
 </record>
</collection>
<br />
<b>Notice</b>:  fwrite(): write of 436 bytes failed with errno=28 No space left on device in <b>C:\vufind\module\VuFind\src\VuFind\Session\File.php</b> on line <b>152</b><br />
Cannot write session to C:\Windows\TEMP\vufind_sessions/sess_hm6m4j9h1neqqt8m0hha2sp9s4
<br />
<b>Warning</b>:  session_write_close(): Failed to write session data using user defined save handler. (session.save_path: \xampp\tmp) in <b>C:\vufind\vendor\laminas\laminas-session\src\SessionManager.php</b> on line <b>235</b><br />
